Datum a čas kvízu
31.5
Celkem bodů
Celkový počet nahraných bodů na tomto kvízu bez doplňovacích otázek.
3.
Pořadí na kvízu
Konečné umístění týmu na tomto kvízu.
Zaznamenané odpovědi
| # | Otázka | Odpověď | Body | Výsledky |
|---|---|---|---|---|
| 1. | Ve kterém moravském městě přim... | ve Vsetíně | 1 | |
| 2. | Který člen britské královské r... | princ George, 11. narozeniny | 0 | |
| 3. | Česká televize odtajnila někte... | Václav Neužil | 0 | |
| 4. | Ve kterém českém krajském měst... | v Plzni | 1 | |
| 5. | Který tenista, jenž byl 41 týd... | Andy Murray | 0 | |
| 6. | Napište italský název tohoto t... | radiatori | 0 | |
| 7. | V souvislosti s rýží a jejím v... | arsen | 1 | |
| 8. | Nyní se zaměříme naopak na lát... | pohanka | 1 | |
| 9. | Zobrazený tenký měkký chléb je... | lavaš | 0 | |
| 10. | Pod kterým jednoslovným názvem... | quinoa | 1 |